Normale Ansicht MARC-Ansicht ISBD

Georgia (Titelsatznr. 73107)

[ MARC ]
MARC-Details
000 -Satzkennung
Kontrollfeld mit fester Länge 00723nam a22002653u 4500
001 - Kontrollnummer
Kontrollfeld DHIM2025102911380056
003 - Kontrollnummer Identifier
Kontrollfeld DE-627
005 - Datum und Zeit der letzten Transaktion
Kontrollfeld 20251030113612.0
007 - Feld mit fester Länge zur physischen Beschreibung - Allgemeine Information
Kontrollfeld mit fester Länge tu
008 - Feld mit fester Länge zur physischen Beschreibung - Allgemeine Angaben
Kontrollfeld mit fester Länge 251029c2014 gs ||||| |||| 00| 0 eng d
020 ## - Internationale Standardbuchnummer
Verknüpfung 9780991423200
040 ## - Katalogisierungsquelle
Original-Katalogisierungsstelle RU-10907106
Katalogisierungssprache ger
Übertragungsstelle RU-10907106
100 ## - Haupteintragung - Personenname
Personenname Skinner, Peter F
Koha-Normdatenidentnummer 67495
Funktionsbezeichnungscode aut
245 ## - Titel
Titel Georgia
Zusatz zum Titel The Land below the Caucasus - A narrative History
264 #1 - Produktion, Veröffentlichung, Distribution, Herstellung und Urheberrechtsvermerk
Herstellungs-, Veröffentlichungs- Vertriebs-, Erzeugungsort Tiflis
Produzent, Herausgeber, Distributor, Hersteller Narikala Publications
Datum der Herstellung, der Veröffentlichung, des Vertriebs oder des Urheberschutzvermerks 2014
300 ## - Physische Beschreibung
Umfang 500 Seiten
336 ## - Inhaltstyp
Quelle rdacontent
Inhaltstypterm Text
Inhaltstypcode txt
337 ## - Medientyp
Quelle rdamedia
338 ## - Datenträgertyp
Quelle rdacarrier
650 ## - Nebeneintragung unter einem Schlagwort - Sachschlagwort
Sachschlagwort oder geografischer Name als Eintragungselement Christentum
650 ## - Nebeneintragung unter einem Schlagwort - Sachschlagwort
Sachschlagwort oder geografischer Name als Eintragungselement Unabhängigkeitsbewegung
Koha-Normdatenidentnummer 5783
650 ## - Nebeneintragung unter einem Schlagwort - Sachschlagwort
Sachschlagwort oder geografischer Name als Eintragungselement Kultur
651 ## - Nebeneintragung unter einem Schlagwort - Geografischer Name
Geografischer Name Georgien
942 ## - Zusätzliche Felder (Koha)
Klassifikation oder Aufstellungssystematik Andere/Generische Klassifikation
Koha-Medientyp Monographien
Exemplare
Ausgeschieden Verloren Klassifikation oder Aufstellungssystematik Beschädigt Nicht entleihbar Heimatbibliothek Aufenthaltsbibliothek Erwerbungsdatum Inventarnummer Signatur Barcode Letzte Aktivität Preis gültig von Koha-Medientyp
    Andere/Generische Klassifikation     MWN Osteuropa MWS-Büro Georgien 29/10/2025 25-00064 W 10 G n Georg 3 76028 29/10/2025 29/10/2025 Monographien